000 00679nam a22002177a 4500
999 _c14420
_d14420
003 AR-CdUCM
008 190423b ||||| |||| 00| 0 spa d
040 _aMUNICIPALIDAD PROVINCIAL DEL CUSCO
_cBIBLIOTECA MUNICIPAL DEL CUSCO
041 _heng.
082 _aPI / 808.06 /
_bK24
100 _aKasparavicius, Kestutis
_933178
245 _aNavidad en familia /
260 _aMexico :
_bFondo de cultura económica,
_c1998.
300 _bIlustraciones,
_c27 cm.
440 _aA la orilla del viento
_926769
650 _aLiteratura infantil
_9588
650 _aCuento
_94671
700 _aAlberto Cue (traductor)
_933179
942 _2ddc
_cLIBROS
945 _arjall
_d2019-04-23